On New Uses of Media in Time of Crisis (Record n. 79067)
[ formato base ]
| 000 -LEADER | |
|---|---|
| fixed length control field | 01194nam a2200313Ia 4500 |
| 001 - CONTROL NUMBER | |
| control field | B4458 |
| 003 - CONTROL NUMBER IDENTIFIER | |
| control field | IT-RoPAU |
| 008 - FIXED-LENGTH DATA ELEMENTS--GENERAL INFORMATION | |
| fixed length control field | 130308s9999 xx 000 0 und d |
| 040 ## - CATALOGING SOURCE | |
| Original cataloging agency | IT-RoPAU |
| 040 ## - CATALOGING SOURCE | |
| Transcribing agency | IT-RoPAU |
| 041 ## - LANGUAGE CODE | |
| Language code of text/sound track or separate title | INGLESE |
| 100 ## - MAIN ENTRY--PERSONAL NAME | |
| Personal name | Mattelart Armand |
| 100 ## - MAIN ENTRY--PERSONAL NAME | |
| Miscellaneous information | Codice Aut. SPICS: 4009 |
| 245 ## - TITLE STATEMENT | |
| Title | On New Uses of Media in Time of Crisis |
| 245 ## - TITLE STATEMENT | |
| Remainder of title | Media, crisis And Democracy-Mass Communication And The Disruption Of Social Order |
| 250 ## - EDITION STATEMENT | |
| Edition statement | 1a ed. |
| 260 ## - PUBLICATION, DISTRIBUTION, ETC. (IMPRINT) | |
| Place of publication, distribution, etc. | LONDON |
| 260 ## - PUBLICATION, DISTRIBUTION, ETC. (IMPRINT) | |
| Name of publisher, distributor, etc. | Sage Publications B.H. |
| 260 ## - PUBLICATION, DISTRIBUTION, ETC. (IMPRINT) | |
| Date of publication, distribution, etc. | 1992 [1° Ed.:1992 - Ed.Ling.Originale:1992] |
| 300 ## - PHYSICAL DESCRIPTION | |
| Extent | "19 p. (prefazione: no ; testo: 19 [pagine: 162-180])" |
| 500 ## - GENERAL NOTE | |
| General note | Nuovi Usi dei Media in Tempo di Crisi. Fine dell'Eroe. Dalla Strategia Alla Tattica. Dalla Crisi rivoluzionaria al Marketing Umanitario. Scompiglio dei Democratici. sicurezza Come Uscita Dalla Crisi? Umanitarismo Come Uscitadalla Crisi? Amministrazione Permanente della Crisi. Professionalizzazionedell'Anticrisi. |
| 650 ## - SUBJECT ADDED ENTRY--TOPICAL TERM | |
| Topical term or geographic name as entry element | SOCIOLOGIA |
| 650 ## - SUBJECT ADDED ENTRY--TOPICAL TERM | |
| Relator term | Codice materia Spics: 3651 |
| 700 ## - ADDED ENTRY--PERSONAL NAME | |
| Personal name | Mattelart Michele |
| 700 ## - ADDED ENTRY--PERSONAL NAME | |
| Miscellaneous information | Codice Aut. SPICS: 4008 |
| 942 ## - ADDED ENTRY ELEMENTS (KOHA) | |
| Koha item type | LIBRO |
| 957 ## - | |
| -- | 1 |
| 999 ## - SYSTEM CONTROL NUMBERS (KOHA) | |
| -- | 1 |
| Withdrawn status | Lost status | Damaged status | Not for loan | Home library | Current library | Date acquired | Total Checkouts | Full call number | Date last seen | Price effective from | Koha item type | Public note |
|---|---|---|---|---|---|---|---|---|---|---|---|---|
| Buone Condizioni | Not For Loan | SPICS-MEDIATECA | SPICS-MEDIATECA | 08/03/2013 | B4458 | 08/03/2013 | 08/03/2013 | LIBRO | Progressivo inserimento: 9357 / N. Volumi: 0 [=Contributo] Copie: 1 / data import: 1 marzo 2013 - By Epidotti, Trombetti, Vaglietti. |